Govt. of
Madhya Pradesh

In The Valley Of Values (Record no. 15229)

MARC details
000 -LEADER
fixed length control field 005240000a22001930004500
001 - CONTROL NUMBER
control field 003326
003 - CONTROL NUMBER IDENTIFIER
control field MACL
005 - DATE AND TIME OF LATEST TRANSACTION
control field 20150923155503.0
008 - FIXED-LENGTH DATA ELEMENTS--GENERAL INFORMATION
fixed length control field 150923b xxu||||| |||| 00| 0 eng d
040 ## - CATALOGING SOURCE
Original cataloging agency MACL
Transcribing agency MACL
041 ## - LANGUAGE CODE
Language code of text/sound track or separate title English
082 ## - DEWEY DECIMAL CLASSIFICATION NUMBER
Classification number 891.411/CHA
100 ## - MAIN ENTRY--PERSONAL NAME
Personal name Chakrabarti, Amiyansu
9 (RLIN) 12480
245 ## - TITLE STATEMENT
Title In The Valley Of Values
Remainder of title Glimpses From Tagore Songs
Statement of responsibility, etc. Amiyansu Chakrabarti
260 ## - PUBLICATION, DISTRIBUTION, ETC. (IMPRINT)
Place of publication, distribution, etc. Kolkata
Date of publication, distribution, etc. 2004
Name of publisher, distributor, etc. Vivekananda Nidhi,
350 ## - PRICE (NR) (BK AM CF MU VM SE) [OBSOLETE]
Price 150
650 ## - SUBJECT ADDED ENTRY--TOPICAL TERM
Topical term or geographic name as entry element Bengali Poetry
9 (RLIN) 12481
942 ## - ADDED ENTRY ELEMENTS (KOHA)
Call number prefix 891
Koha item type Books
Source of classification or shelving scheme
Holdings
Withdrawn status Lost status Source of classification or shelving scheme Damaged status Not for loan Home library Current library Date acquired Total Checkouts Full call number Barcode Date last seen Uniform Resource Identifier Price effective from Koha item type
          MACL MACL 15/04/2015   891.441/CHA CRE016352 02/05/2024 15121 15/04/2015 Books